00790nam a22002417a 450000500170000001000110001702000230002803500110005103700160006204000120007808200160009010000270010624500720013326000250020527000490023030000260027950000200030565000250032565000240035094200250037499900190039995201300041820170124110241.0 a949135 c140.00a0859360989 a949135 bCen Lib/Ret aDPLbEN a954.08bWOO aWoodford, Peggy995016 aRise of the raj /cby Peggy Woodford bwith text and commentaries / aUKbMidas Bookc1978 bUKa12 Dene Way, Speldhurst, Tunbridge Wells a160p.c27cm(Hb)bill. aincludes index  aRaj Panchayat995017 aArchitecture925172 2ddccENh954.08mWOO c135188d135188 001040718REFaLbLd2015-10-03eCen Lib/Retg140.00l0o954.08 WOOp949135r2015-10-03 00:00:00t1v140.00w2015-10-03yEN